Las huellas del futuro (Registro nro. 321049)

Detalles MARC
000 -ENCABEZADO
Número de control [NR] 01505nam a22003017a 4500
005 - FECHA Y HORA DE LA ÚLTIMA TRANSACCIÓN
control field 20220502110355.0
008 - DE LONGITUD FIJA DE DATOS DE ELEMENTOS - INFORMACIÓN GENERAL
Elementos de longitud fija [NR] 220502s2013 ag ad||gr|||| 00| 0 spa d
020 ## - NUMERO INTERNACIONAL NORMALIZADO PARA LIBROS [R]
Número Internacional Normalizado del libro [NR] 9789876293334
040 ## - FUENTE DE CATALOGACION [NR]
Agencia de catalogación original [NR] CO-BoUCM
Idioma de catalogación [NR] spa
Quien Cataloga Deissy Garcia
Quien Clasifica Deissy Garcia
041 ## - CODIGO DE IDIOMA [R]
Código de idioma para texto/pista de sonido o título separado [R] Español
245 04 - MENCION DE TITULO [NR]
Título [NR] Las huellas del futuro
Parte restante del título [NR] contrapunto de voces sobre la realidad política latinoamericana
Mención de responsabilidad, etc. [NR] coordinación Fernando Calderón Gutiérrez ; equipo de investigación Daniel Moreno Morales, Caterina Colombo ... [y otros 2]
260 ## - PUBLICACION, DISTRIBUCION, ETC. (PIE DE IMPRENTA) [R]
Lugar de publicación, distribución, etc. [R] Buenos Aires
Nombre del editor, distribuidor, etc. [R] Siglo XXI
-- Programa de las Naciones Unidas para el Desarrollo
Fecha de publicación, distribución, etc. [R] 2013
300 ## - DESCRIPCION FISICA [R]
Extensión [R] 324 páginas
Otros detalles físicos [NR] ilustraciones, gráficas
490 0# - MENCION DE SERIE [R]
Mención de serie [R] Cuadernos de Prospectiva Política
Designación numérica/secuencial del volumen [NR] 4
500 ## - NOTA GENERAL [R]
Nota general [NR] Bibliografía Básica - Facultad de Estudios Internacionales, Políticos y Urbanos - Pregrado en Ciencia Política y Gobierno
504 ## - NOTA DE BIBLIOGRAFIA, ETC. [R]
Nota de bibliografía, etc. [NR] Incluye referencias bibliográficas
650 #7 - ASIENTO SECUNDARIO DE MATERIA - TERMINO TEMATICO [R]
Término temático o nombre geográfico como elemento de entrada [NR] Ciencia política
Subdivisión de forma [R] Entrevistas
Subdivisión geográfica [R] América Latina
9 (RLIN) 174452
650 #7 - ASIENTO SECUNDARIO DE MATERIA - TERMINO TEMATICO [R]
Término temático o nombre geográfico como elemento de entrada [NR] Políticos
Subdivisión de forma [R] Entrevistas
Subdivisión geográfica [R] América Latina
9 (RLIN) 174453
651 10 - ASIENTO SECUNDARIO DE MATERIA - NOMBRE GEOGRAFICO [R]
Nombre geográfico [NR] América Latina
Subdivisión general [R] Política y gobierno
Subdivisión cronológica [R] Siglo XXI
9 (RLIN) 89079
651 10 - ASIENTO SECUNDARIO DE MATERIA - NOMBRE GEOGRAFICO [R]
Nombre geográfico [NR] América Latina
Subdivisión general [R] Integración económica
9 (RLIN) 28921
700 1# - ASIENTO SECUNDARIO - NOMBRE PERSONAL [R]
Nombre personal [NR] Calderón Gutiérrez, Fernando
Término de relación [R] coordinador
9 (RLIN) 174454
700 1# - ASIENTO SECUNDARIO - NOMBRE PERSONAL [R]
Nombre personal [NR] Moreno Morales, Daniel
9 (RLIN) 174455
700 1# - ASIENTO SECUNDARIO - NOMBRE PERSONAL [R]
Nombre personal [NR] Colombo, Caterina
9 (RLIN) 174456
700 1# - ASIENTO SECUNDARIO - NOMBRE PERSONAL [R]
Nombre personal [NR] Rodríguez, Benjamín
9 (RLIN) 174457
700 1# - ASIENTO SECUNDARIO - NOMBRE PERSONAL [R]
Nombre personal [NR] Gallardo, Matías
9 (RLIN) 174458
942 ## - ELEMENTOS DE ENTRADA AGREGADOS (KOHA)
Sistema de clasificación DEWEY
Tema principal Ciencia política
Tipo de ítem principal el descrito en 300a Libro
Edición 1
Clasificación 320.098
Parte restante de la signatura top. H887
Título oculto en OPAC No
Existencias
Signatura topográfica Código de barras Última vez visto Ejemplar Costo de reposición Price effective from Tipo de ítem Perdido Sistema de clasificación Dañado No prestable Tipo de ítem específico Suprimido Ubicación habitual Ubicación actual Localización Fecha de creación Forma de adquisición Costo
320.098 H887 100170088 03/12/2025 Ej.1 83640.00 02/05/2022 Libro   DEWEY     Libro   Claustro Claustro 3er piso 02/05/2022 Compra 83640.00